00398pab a2200133 454500008004000000100001600040245006700056260000900123300001400132362000800146650003700154650002100191773005200212180718b1998 xxu||||| |||| 00| 0 eng d aSmith, B.C. aA theory of metropolitan government and England's conurbations c1998 ap.289-304 aJun aLocal government - Great Britain aLocal government aInternational Review of Administrative Sciences